Fibonacci Sequence Quiz— Up to 1 Billion - Statistics

General Stats
  • This quiz has been taken 25 times
  • The average score is 26 of 46
Answer Stats
Number % Correct
1
100%
1
100%
2
100%
0
95%
13
95%
144
95%
21
95%
3
95%
34
95%
5
95%
55
95%
8
95%
89
95%
1597
89%
233
89%
377
89%
610
89%
987
89%
10946
79%
17711
79%
2584
79%
4181
79%
6765
79%
46368
32%
121393
26%
1346269
26%
196418
26%
317811
26%
514229
26%
75025
26%
832040
26%
102334155
21%
1134903170
21%
14930352
21%
165580141
21%
2178309
21%
24157817
21%
267914296
21%
3524578
21%
39088169
21%
433494437
21%
5702887
21%
63245986
21%
701408733
21%
9227465
21%
28567
16%
No matching quizzes found
Score Distribution
Percent of People with Each Score
Percentile by Number Answered
Your Score History
You have not taken this quiz